Đánh giá hoạt động phóng xạ tự nhiên trong mẫu đất ở Thừa Thiên Huế : Luận văn Thạc sĩ Vật lý chuyên ngành Vật lý Kỹ thuật

Đề tài nghiên cứu tổng quan về nguồn gốc bức xạ tự nhiên trong môi trừong, ảnh hưởng của nó đối với sức khỏe con nguời. Tìm hiểu các phương pháp đánh giá liều bức xạ và phông phóng xạ môi trường. Nghiên cứu các phương páhp đánh giá...

وصف كامل

محفوظ في:
التفاصيل البيبلوغرافية
المؤلف الرئيسي: Nguyễn, Quốc Lợi
التنسيق: كتاب
اللغة:Undetermined
منشور في: Cần Thơ Trường Đại học Cần Thơ 2011
الموضوعات:
الوسوم: إضافة وسم
لا توجد وسوم, كن أول من يضع وسما على هذه التسجيلة!
Thư viện lưu trữ: Trung tâm Học liệu Trường Đại học Cần Thơ
LEADER 01279nam a2200217Ia 4500
001 CTU_166864
008 210402s9999 xx 000 0 und d
082 |a 539.2 
082 |b L462 
088 |a 60440103 
100 |a Nguyễn, Quốc Lợi 
245 0 |a Đánh giá hoạt động phóng xạ tự nhiên trong mẫu đất ở Thừa Thiên Huế : 
245 0 |b Luận văn Thạc sĩ Vật lý chuyên ngành Vật lý Kỹ thuật 
245 0 |c Nguyễn Quốc Lợi ; Châu Văn Tạo ( Hướng dẫn khoa học) 
260 |a Cần Thơ 
260 |b Trường Đại học Cần Thơ 
260 |c 2011 
520 |a Đề tài nghiên cứu tổng quan về nguồn gốc bức xạ tự nhiên trong môi trừong, ảnh hưởng của nó đối với sức khỏe con nguời. Tìm hiểu các phương pháp đánh giá liều bức xạ và phông phóng xạ môi trường. Nghiên cứu các phương páhp đánh giá hoạt độ Radi tương đương. 
650 |a Radioactive pollution of soils,Ô nhiễm phóng xạ của đất 
904 |i Hải 
980 |a Trung tâm Học liệu Trường Đại học Cần Thơ